000 00288nam a22001337a 4500
008 170715b xxu||||| |||| 00| 0 eng d
020 _a0262580616
041 _aeng
080 _a2
100 _a24
101 _a2
245 _aRATIONALITY AND RELATIVISM
_cHOLLIS, M
942 _2udc
_cBK
999 _c21224
_d21224